Welcome to CU Library Online Public Access Catalogue (OPAC)

Schaum's Outline of Theory and Problems of Strength of Materials (Record no. 8459)

MARC details
000 -LEADER
fixed length control field 00412nam a22001337a 4500
005 - DATE AND TIME OF LATEST TRANSACTION
control field 20251129161228.0
008 - FIXED-LENGTH DATA ELEMENTS--GENERAL INFORMATION
fixed length control field 251129b |||||||| |||| 00| 0 eng d
050 ## - LIBRARY OF CONGRESS CALL NUMBER
Classification number TA403
Item number .N3
100 ## - MAIN ENTRY--PERSONAL NAME
Personal name Nash, William A.
245 ## - TITLE STATEMENT
Title Schaum's Outline of Theory and Problems of Strength of Materials
Statement of responsibility, etc. William A. Nash
260 ## - PUBLICATION, DISTRIBUTION, ETC.
Place of publication, distribution, etc. New York
Name of publisher, distributor, etc. McGraw-Hill Book Company
Date of publication, distribution, etc. 1957
300 ## - PHYSICAL DESCRIPTION
Extent 301p.
Other physical details ill.
Dimensions 28cm
942 ## - ADDED ENTRY ELEMENTS (KOHA)
Source of classification or shelving scheme Library of Congress Classification
Koha item type Books
Suppress in OPAC No
999 ## -
-- 8459
-- 8459
Holdings
Withdrawn status Lost status Source of classification or shelving scheme Damaged status Not for loan Collection Home library Current library Shelving location Date acquired Total checkouts Full call number Barcode Date last seen Copy number Price effective from Koha item type
    Library of Congress Classification     Non-fiction Science Library (Miotso) Science Library (Miotso) General stacks 11/29/2025   TA403 .N3 NAS SLM00006475 11/29/2025 1 11/29/2025 Books
© 2023-2024 Copyright: Central University Libraries. All Rights Reserved | Created by: Mahone Tech Office